000 00503nam a2200145Ia 4500
008 171212s9999 xx 000 0 und d
020 _a9781921666063
100 _aClark, Edited Geoffrey;Anderson, Atholl
245 _cClark, Edited Geoffrey;Anderson, Atholl
_aThe Early Prehistory of Fiji
260 _bANU E Press
_c2009
440 _aTerra Australis
650 _aAntiquities, Prehistoric -- Fiji; Fiji -- Antiquities
650 _aArchaeology
856 _uwww.jstor.org/stable/10.2307/j.ctt24h7hq
999 _c351357
_d351357